[Event "Vitória do amor"]
[Site "http://www.queenalice.com/game.php?id=1417806"]
[Date "2016.4.11"]
[Round "-"]
[White "juhurbano"]
[Black "sadick"]
[Result "0-1"]
[WhiteElo "1100"]
[BlackElo "2161"]

1. d4 Nf6 2. Nf3 e6 3. g3 d5 4. Bg2 c5 5. O-O b6 6. Nc3 cxd4 7. Qxd4 Bc5 8. Qa4+
Bd7 9. Nb5 a6 10. c4 Bc6 11. Be3 axb5 12. cxb5 Rxa4 13. bxc6 Bxe3 14. b3 Bxf2+
15. Rxf2 Ra7 16. Rc1 Ne4 17. h3 Nxf2 18. Kxf2 O-O 19. Nh4 Qd6 20. g4 Qf4+ 21.
Kg1 Qxc1+ 22. Kh2 Rxa2 23. b4 Rxe2 24. b5 Qf4+ 25. Kg1 Re1+ 26. Bf1 Qxf1+ 27.
Kh2 Qg1# 0-1

[Event "AUTO-OPEN-3637"]
[Site "http://www.queenalice.com/game.php?id=1417938"]
[Date "2016.4.12"]
[Round "1"]
[White "juhurbano"]
[Black "rubenov"]
[Result "0-1"]
[WhiteElo "1100"]
[BlackElo "1979"]

1. d4 d5 2. Nc3 e6 3. e3 Nf6 4. Bb5+ c6 5. Ba4 Bb4 6. Qd2 Ne4 7. Nf3 Nxd2 8.
Nxd2 O-O 9. O-O Bd6 10. g3 a5 11. e4 b5 12. Re1 bxa4 13. Nxa4 Na6 14. c3 c5 15.
dxc5 Nxc5 16. f3 Nxa4 17. c4 d4 18. Nb3 Bb4 19. Rf1 Ba6 20. Bf4 Bxc4 21. Rab1
Bxb3 22. axb3 Nc5 23. Rbc1 Nxb3 24. Rc4 Bd2 25. e5 Bxf4 26. gxf4 Nd2 27. Rcc1
Nxf1 28. Kxf1 Qh4 29. h3 Qxh3+ 30. Kf2 Qh2+ 31. Ke1 d3 32. Rd1 Qe2# 0-1

[Event "AUTO-OPEN-3637"]
[Site "http://www.queenalice.com/game.php?id=1417960"]
[Date "2016.4.12"]
[Round "1"]
[White "beckhamf2000"]
[Black "juhurbano"]
[Result "1-0"]
[WhiteElo "1708"]
[BlackElo "1100"]

1. e4 d5 2. exd5 Qxd5 3. Nc3 Qe5+ 4. Be2 Qd6 5. Nf3 Nf6 6. d4 Nc6 7. O-O Bg4 8.
Nb5 Rc8 9. Nxd6+ cxd6 10. c4 e5 11. d5 Nd4 12. Nxd4 exd4 13. Bxg4 Nxg4 14. Qxg4
Kd8 15. Qxd4 b6 16. Bg5+ f6 17. Bxf6+ Be7 18. Bxe7+ Kxe7 19. Qxg7+ 1-0

[Event "AUTO-OPEN-3637"]
[Site "http://www.queenalice.com/game.php?id=1417961"]
[Date "2016.4.12"]
[Round "1"]
[White "juhurbano"]
[Black "beckhamf2000"]
[Result "0-1"]
[WhiteElo "1100"]
[BlackElo "1706"]

1. d4 Nf6 2. e3 d5 3. Nf3 Bg4 4. Be2 e6 5. Nc3 Bb4 6. Bb5+ Nbd7 7. O-O Bxc3 8.
bxc3 Ne4 9. Rb1 Nxc3 10. Bd2 Nxd1 11. Rfxd1 Bxf3 12. gxf3 c6 13. Ba4 b5 14. Bb3
O-O 15. e4 Qf6 16. Bc3 a5 0-1

[Event "AUTO-OPEN-3637"]
[Site "http://www.queenalice.com/game.php?id=1417972"]
[Date "2016.4.12"]
[Round "1"]
[White "AsterixTwin"]
[Black "juhurbano"]
[Result "1-0"]
[WhiteElo "2523"]
[BlackElo "1100"]

1. e4 d5 2. exd5 Qxd5 3. Nc3 Qe5+ 4. Be2 Qd6 5. d4 e5 6. dxe5 Qxd1+ 7. Bxd1 Nc6
8. Nf3 Bb4 9. Bd2 Nf6 10. exf6 gxf6 11. O-O Bc5 12. Nd5 O-O 13. Nxf6+ Kh8 14.
Bc3 Bg4 15. Nxg4+ Kg8 16. Nh6# 1-0

[Event "AUTO-OPEN-3637"]
[Site "http://www.queenalice.com/game.php?id=1417973"]
[Date "2016.4.12"]
[Round "1"]
[White "juhurbano"]
[Black "AsterixTwin"]
[Result "0-1"]
[WhiteElo "1187"]
[BlackElo "2503"]

1. d4 Nf6 2. Nf3 g6 3. e3 Bg7 4. Nc3 d5 5. Bb5+ c6 6. Ba4 O-O 7. Ne5 a5 8. O-O
b5 9. Bb3 a4 10. Bxa4 bxa4 11. b3 axb3 12. cxb3 Ba6 13. e4 Bxf1 14. Qxf1 Nxe4
15. Nxe4 dxe4 16. Qc4 Bxe5 17. dxe5 Qd1+ 18. Qf1 Qxf1+ 19. Kxf1 Nd7 20. Bf4 f5
21. f3 Nc5 22. b4 Ne6 23. g3 Nxf4 24. gxf4 exf3 25. Kf2 Rfb8 26. Kxf3 Rxb4 27.
h4 Ra3+ 28. Ke2 Rb2+ 29. Kd1 Rh3 30. Kc1 Rg2 0-1

[Event "A Ju vai ganhar 😉"]
[Site "http://www.queenalice.com/game.php?id=1424539"]
[Date "2016.5.24"]
[Round "-"]
[White "juhurbano"]
[Black "sadick"]
[Result "1-0"]
[WhiteElo "1187"]
[BlackElo "1799"]

1. e4 e5 2. Nf3 Nc6 3. Nc3 Nf6 4. Bb5 d6 5. O-O Bg4 6. h3 Be6 7. d4 exd4 8. Nxd4
Bd7 9. Qe1 Nxd4 10. e5 dxe5 11. Qd2 Nxb5 12. Qd3 Nxc3 13. Qxc3 Bd6 14. Bg5 O-O
15. Rae1 1-0

[Event "AUTO-OPEN-3657"]
[Site "http://www.queenalice.com/game.php?id=1424687"]
[Date "2016.5.25"]
[Round "1"]
[White "brumbaz"]
[Black "juhurbano"]
[Result "1-0"]
[WhiteElo "1669"]
[BlackElo "1187"]

1. e4 e5 2. Nf3 Nf6 3. Nxe5 Qe7 4. d4 Nxe4 5. Be3 f6 6. Nf3 Qb4+ 7. c3 Qe7 8.
Nh4 g5 9. Nf5 Qd8 10. Bd3 d5 11. Qh5+ Kd7 12. a4 Qe8 13. Qg4 Qg6 14. Nh4+ Kd8
15. Nxg6 1-0

[Event "AUTO-OPEN-3657"]
[Site "http://www.queenalice.com/game.php?id=1424688"]
[Date "2016.5.25"]
[Round "1"]
[White "juhurbano"]
[Black "brumbaz"]
[Result "0-1"]
[WhiteElo "1187"]
[BlackElo "1671"]

1. e4 e5 2. Nf3 Nc6 3. Nc3 Bc5 4. Qe2 d6 5. d3 Bg4 6. Be3 Nce7 7. O-O-O Nf6 8.
Bxc5 dxc5 9. h3 Bxf3 10. Qxf3 Nc6 11. Nd5 Nxd5 12. exd5 Nd4 13. Qe4 c6 14. dxc6
Nxc6 0-1

[Event "AUTO-OPEN-3657"]
[Site "http://www.queenalice.com/game.php?id=1424714"]
[Date "2016.5.25"]
[Round "1"]
[White "juhurbano"]
[Black "Eduardomoreto67"]
[Result "0-1"]
[WhiteElo "1187"]
[BlackElo "2203"]

1. e4 c5 2. Nc3 Nc6 3. Nf3 d6 4. d3 Nf6 5. Be3 e6 6. d4 cxd4 7. Bxd4 Nxd4 8.
Nxd4 a6 9. Qf3 Be7 10. O-O-O Qc7 11. h3 Bd7 12. g4 O-O 13. g5 Ne8 14. h4 g6 15.
Qh3 e5 16. Nf3 Bxh3 17. Bxh3 f5 18. Nd2 Rc8 19. exf5 gxf5 20. Nf3 b5 21. Rd2 Bd8
22. Rg1 Qc6 23. Rd3 b4 0-1

[Event "AUTO-OPEN-3657"]
[Site "http://www.queenalice.com/game.php?id=1424729"]
[Date "2016.5.25"]
[Round "1"]
[White "Manoeljoaquim"]
[Black "juhurbano"]
[Result "1-0"]
[WhiteElo "1788"]
[BlackElo "1187"]

1. e4 e5 2. Nf3 Nf6 3. Bc4 Qe7 4. O-O Nc6 5. a3 Nxe4 6. d4 exd4 7. Nxd4 Qe5 8.
Nxc6 bxc6 9. Bd3 Bc5 10. Nc3 Nxc3 11. bxc3 Qxc3 12. Bf4 Bd6 13. Qf3 Bxf4 14.
Qxf4 O-O 15. Qg3 d6 16. Bxh7+ Kxh7 17. Qxc3 c5 18. Qa5 Bf5 19. Qxc7 Bxc2 20.
Qxd6 Rac8 21. Rfe1 Rfe8 22. Rxe8 Rxe8 23. Qxc5 Bg6 24. Qxa7 Bh5 25. a4 1-0

[Event "AUTO-OPEN-3657"]
[Site "http://www.queenalice.com/game.php?id=1424730"]
[Date "2016.5.25"]
[Round "1"]
[White "juhurbano"]
[Black "Manoeljoaquim"]
[Result "0-1"]
[WhiteElo "1187"]
[BlackElo "1786"]

1. e4 e5 2. Nf3 d6 3. Nc3 Nc6 4. d3 Nf6 5. Bg5 Be7 6. Qd2 Be6 7. O-O-O Qd7 8.
Nh4 h6 9. Be3 a6 10. d4 exd4 11. Bxd4 Nxd4 12. Qxd4 c5 13. Qa4 Qxa4 14. Be2 Qa5
15. h3 Bxa2 16. Nxa2 Qxa2 17. Nf5 Rg8 18. b3 Qa1+ 19. Kd2 Qe5 20. f3 O-O-O 21.
Bc4 Bf8 22. Rhe1 g6 23. Ng3 Qxg3 24. c3 Qxg2+ 0-1

[Event "AUTO-BEG-640"]
[Site "http://www.queenalice.com/game.php?id=1427772"]
[Date "2016.6.16"]
[Round "1"]
[White "dmbenati"]
[Black "juhurbano"]
[Result "1-0"]
[WhiteElo "1497"]
[BlackElo "1220"]

1. e4 e5 2. Nf3 Nf6 3. Bd3 Nc6 4. O-O d5 5. exd5 Nxd5 6. Qe2 Nf4 7. Qe4 Qd6 8.
Bb5 Bd7 9. Bxc6 Bxc6 10. Qxe5+ Qxe5 11. Nxe5 f6 12. Nxc6 Ne2+ 13. Kh1 Nxc1 14.
Rxc1 bxc6 15. Re1+ Be7 16. Nc3 Rd8 17. d3 Kf7 18. Re2 c5 19. Rae1 Rd7 20. Nd5
Re8 21. Nxe7 Rexe7 22. c4 Rxe2 23. Rxe2 1-0

[Event "AUTO-BEG-640"]
[Site "http://www.queenalice.com/game.php?id=1427773"]
[Date "2016.6.16"]
[Round "1"]
[White "juhurbano"]
[Black "dmbenati"]
[Result "0-1"]
[WhiteElo "1232"]
[BlackElo "1491"]

1. e4 e5 2. Nf3 d6 3. d4 Nc6 4. Nc3 f5 5. Nxe5 dxe5 6. dxe5 Nxe5 7. Bb5+ c6 8.
Qxd8+ Kxd8 9. f4 cxb5 10. fxe5 fxe4 11. Nxb5 Bb4+ 12. Bd2 Bxd2+ 13. Kxd2 Ne7 14.
Nd6 Be6 15. Nxb7+ Kc7 16. Nc5 Bd5 17. e6 Kd6 18. b4 Bxe6 19. Rhe1 Rhf8 20. Rxe4
Bd5 21. Rd4 Rf2+ 0-1